[Event "FRA-ch Accession"]
[Site "Besancon"]
[Date "2006.08.19"]
[Round "5"]
[White "Souquet, Amedee"]
[Black "Thelen, Sylvain"]
[Result "1-0"]
[WhiteElo "1660"]
[BlackElo "1570"]
[PlyCount "53"]
[EventDate "2006.08.15"]
[EventType "swiss"]
[EventRounds "10"]
[EventCountry "FRA"]
[SourceTitle "CBM 113 Extra"]
[Source "ChessBase"]
[SourceDate "2006.09.14"]
[SourceVersion "1"]
[SourceVersionDate "2006.09.14"]
[SourceQuality "1"]

1. c4 e5 2. Nf3 Nc6 3. d3 Nf6 4. Nc3 a6 5. g3 d6 6. Bg2 Be7 7. 0-0 0-0 8. Ne1 Be6 9. f4 exf4 10. Bxf4 d5 11. cxd5 Nxd5 12. Nxd5 Bxd5 13. Nf3 Bc5+ 14. Kh1 Re8 15. e4 Be6 16. Rc1 Bb6 17. a3 Rc8 18. Ng5 Qd4 19. Qh5 h6 20. Nxe6 fxe6 21. Qg6 Ne7 22. Qxe6+ Kh7 23. Be5 Ng6 24. Qxe8 Nxe5 25. Qxc8 Nxd3 26. Qf5+ Kh8 27. Rc2 1-0

[Event "FRA-ch op-C"]
[Site "Chartres"]
[Date "2005.08.17"]
[Round "2"]
[White "Mopin, Stephane"]
[Black "Thelen, Sylvain"]
[Result "1-0"]
[WhiteElo "1700"]
[BlackElo "1520"]
[PlyCount "45"]
[EventDate "2005.08.15"]
[EventType "swiss"]
[EventRounds "11"]
[EventCountry "FRA"]
[SourceTitle "EXT 2006"]
[Source "ChessBase"]
[SourceDate "2005.11.24"]
[SourceVersion "1"]
[SourceVersionDate "2005.11.24"]
[SourceQuality "1"]

1. e4 c6 2. d4 d5 3. Nc3 dxe4 4. Nxe4 Bf5 5. Ng3 Bg6 6. h4 h6 7. h5 Bh7 8. Nf3 Nf6 9. Bd3 Bxd3 10. Qxd3 e6 11. Bf4 Nbd7 12. 0-0-0 Nd5 13. Bd2 Bd6 14. Ne4 Bf4 15. g3 Bxd2+ 16. Rxd2 Qa5 17. Kb1 Nb4 18. Qb3 Qd5 19. Qxd5 cxd5 20. Nd6+ Ke7 21. Nxb7 Rab8 22. Na5 Nf6 23. Nc6+ 1-0